| 000 | 00968nam a2200301 a 4500 | ||
|---|---|---|---|
| 001 | 015360807 | ||
| 003 | OSt | ||
| 005 | 20141211142011.0 | ||
| 008 | 081126t2010 xxuabk frbd 001 0 eng d | ||
| 020 | _a9780138153274 (pbk.) | ||
| 020 | _a0138153272 (pbk.) | ||
| 040 |
_aUk _beng _cUk _dEG-ScBUE |
||
| 082 | 0 | 0 |
_a657.3 _222 _bFRA |
| 100 | 1 |
_aFraser, Lyn M. _936881 |
|
| 245 | 1 | 0 |
_aUnderstanding financial statements / _cLyn M. Fraser, Aileen Ormiston. |
| 250 |
_a9th ed., _binternational ed. |
||
| 260 |
_aUpper Saddle River, United States : _bPearson, _cc.2010. |
||
| 300 |
_axviii, 269 p. : _bforms, maps, tables ; _c24 cm. |
||
| 500 | _aIncludes appendixes | ||
| 500 | _aGlossary : p. 256-264. | ||
| 500 | _aIndex : p. 265-269. | ||
| 504 | _aIncludes bibliographical references. | ||
| 650 | 0 |
_aFinancial statements _94982 |
|
| 653 |
_bBUSADM _cDecember2014 |
||
| 655 |
_vreading book _934232 |
||
| 700 | 1 |
_aOrmiston, Aileen _936882 |
|
| 942 |
_2ddc _k657.3 FRA |
||
| 999 |
_c18758 _d18730 |
||